Privatizing the Public Sector : How to Shrink Government/
Kaydedildi:
| Yazar: | |
|---|---|
| Materyal Türü: | Sách giấy |
| Dil: | English |
| Baskı/Yayın Bilgisi: |
New Jersey :
Chatham House Publishers,
1982
|
| Etiketler: |
Etiketle
Etiket eklenmemiş, İlk siz ekleyin!
|
| Thư viện lưu trữ: | Thư viện Trường Đại học Đà Lạt |
|---|
| LEADER | 00683nam a2200277 4500 | ||
|---|---|---|---|
| 001 | DLU040026897 | ||
| 020 | # | # | |a 0934540152 |
| 040 | # | # | |a dlu |b vie |
| 041 | # | # | |a eng |
| 044 | # | # | |a US |
| 082 | # | # | |a 353.073 |b SA-E |
| 100 | # | # | |a Savas, Emanuel S. |
| 245 | # | # | |a Privatizing the Public Sector : |b How to Shrink Government/ |c E.S. Savas |
| 260 | # | # | |a New Jersey : |b Chatham House Publishers, |c 1982 |
| 300 | # | # | |a 164p.; |c 20cm. |
| 504 | # | # | |a Notes, Index [p.156-164] |
| 923 | # | # | |a 5/2004 |
| 992 | # | # | |a 3400 |
| 994 | # | # | |a DLU |
| 900 | # | # | |a True |
| 911 | # | # | |a Lê Thị Mạnh Xuân |
| 925 | # | # | |a G |
| 926 | # | # | |a A |
| 927 | # | # | |a SH |
| 980 | # | # | |a Thư viện Trường Đại học Đà Lạt |


